000 00560nam a2200181Ia 4500
008 090124s9999 xx 000 0 und d
082 _b45036
100 _aजागीरदार गजानन
245 _a अभिनय कसा करावा
250 _a1
260 _c2006
300 _a188
600 _aजागीरदार गजानन
630 _a अभिनय कसा करावा
700 _aजागीरदार गजानन
730 _a अभिनय कसा करावा
942 _cBOOK
999 _c111358
_d111358